000 00341nam a2200157Ia 4500
999 _c6199
_d6199
003 OSt
005 20190921195907.0
008 190906s9999||||xx |||||||||||||| ||und||
020 _a978-1118411100
040 _cmaju
100 _aAnton,Howard
245 0 _aCalculus
260 _aUSA
_bMcGraw-Hill
_c1995
300 _a1007
942 _cBK
_2ddc